Joueurs de handball - Statistiques

Statistiques générales
  • Ce quiz a été pris 391 fois
  • Le résultat moyen est 11 sur 16
Statistiques - réponses
Par images Réponse % Correct
nikola karabatic
97%
elohim prandi
91%
mikkel hansen
90%
dika mem
87%
vincent gérard
87%
daniel narcisse
80%
luc abalo
80%
jackson richardson
79%
aymeric minne
75%
kentin mahé
68%
chloé valentini
59%
laura glauser
59%
lena grandveau
54%
niklas landin
48%
gonzalo perez de vargas
43%
kamil syprzak
27%
Aucun quiz correspondant
Distribution des résultats
% des personnes avec chaque résultat
Percentile par nombre de réponses
Votre historique - résultats
Vous n’avez pas pris ce quiz